Т. 59, вып. 9; Известия вузов. Химия и химическая технология

Manylion Llyfryddiaeth
Parent link:Известия вузов. Химия и химическая технология: научно-технический журнал/ Федеральное государственное бюджетное образовательное учреждение высшего профессионального образованяи "Ивановский государственный химико-технологический университет". Т. 59, вып. 9.— , 1958-
Iaith:Rwseg
Cyhoeddwyd: 2016
Fformat: Llyfr
KOHA link:https://koha.lib.tpu.ru/cgi-bin/koha/opac-detail.pl?biblionumber=568786

MARC

LEADER 00000nam2a2200000 4500
001 568786
005 20231101124635.0
035 |a (RuTPU)RU\TPU\prd\266023 
090 |a 568786 
100 |a 20161124a19589999k y0rusy50 ca 
101 0 |a rus 
102 |a RU 
200 0 |a Т. 59, вып. 9 
210 |d 2016 
461 1 |0 (RuTPU)RU\TPU\prd\192  |t Известия вузов. Химия и химическая технология  |o научно-технический журнал  |f Федеральное государственное бюджетное образовательное учреждение высшего профессионального образованяи "Ивановский государственный химико-технологический университет"  |v Т. 59, вып. 9  |d 1958- 
801 0 |a RU  |b 63413507  |c 20010227  |g PSBO 
801 1 |a RU  |b 63413507  |c 20161124 
801 2 |a RU  |b 63413507  |c 20230504  |g RCR 
942 |c BK 
999 |a НТБ_ТПУ  |b НФ  |e -1/20160111  |p П-6307ж  |s 1/20160622  |u 0,00  |v 1